Statistiques concernant top 10 des villes les plus peuples au monde

Cliquez ici pour prendre le quiz!

Statistiques générales

  • Ce quiz a été pris 302 fois
  • Le résultat moyen est 8 sur 10

Statistiques - réponses

HintRéponse% Correct
TokyoJapon
98%
MexicoMexique
94%
PekinChine
90%
Le CaireEgypte
88%
New DelhiInde
88%
Sao PauloBresil
75%
BombayInde
72%
ShangaiChine
63%
OsakaJapon
51%
DaccaBangladesh
47%

Distribution des résultats

Percentile par nombre de réponses

% des personnes avec chaque résultat

Votre développement - résultats

Vous n’avez pas pris ce quiz